[Event "4NCL Division 1d"]
[Site "Hinckley Island ENG"]
[Date "2015.05.02"]
[Round "9.151"]
[White "Aagaard, Jacob"]
[Black "Conquest, Stuart C"]
[Result "0-1"]
[WhiteElo "2525"]
[BlackElo "2496"]
[PlyCount "74"]
[EventDate "2015.05.02"]
[WhiteTeam "Wood Green HK"]
[BlackTeam "e2e4.org.uk 1"]

1. e4 d6 2. d4 Nf6 3. Nc3 g6 4. Nf3 Bg7 5. Be2 O-O 6. O-O c6 7. Bf4 Bg4 8. h3
Bxf3 9. Bxf3 Nfd7 10. Qd2 Na6 11. Be2 Nc7 12. Be3 b5 13. f4 e6 14. e5 d5 15. a4
a6 16. a5 f6 17. Bf3 Qe7 18. Ne2 c5 19. c3 c4 20. b4 cxb3 21. Nc1 Rf7 22. Nxb3
Raf8 23. Qe1 Rb8 24. Nc1 Bh6 25. Nd3 Rc8 26. Nb4 Qf8 27. Qd2 Kh8 28. g4 Bg7 29.
Kg2 Qe8 30. Nd3 Qe7 31. g5 fxg5 32. fxg5 Rcf8 33. h4 Rf5 34. Qe2 R8f7 35. Rh1
Rxf3 36. Bc1 R3f5 37. Ba3 Qd8 0-1

[Event "4NCL Division 1d"]
[Site "Hinckley Island ENG"]
[Date "2015.05.02"]
[Round "9.152"]
[White "Fernandez, Daniel H"]
[Black "Speelman, Jon S"]
[Result "1/2-1/2"]
[WhiteElo "2456"]
[BlackElo "2512"]
[PlyCount "153"]
[EventDate "2015.05.02"]
[WhiteTeam "e2e4.org.uk 1"]
[BlackTeam "Wood Green HK"]

1. Nf3 Nf6 2. c4 e6 3. d4 Bb4+ 4. Bd2 c5 5. Bxb4 cxb4 6. a3 bxa3 7. Rxa3 O-O 8.
Nc3 d6 9. g3 Nc6 10. d5 Nb4 11. Bg2 e5 12. O-O Qc7 13. Nd2 Bd7 14. Na2 a5 15.
Qb3 Na6 16. Qc3 a4 17. Ra1 Rfc8 18. b3 axb3 19. Nb4 Rab8 20. Rxb3 Nxb4 21. Qxb4
b5 22. Qa5 Qxa5 23. Rxa5 bxc4 24. Rxb8 Rxb8 25. Nxc4 Rb1+ 26. Bf1 Kf8 27. Kg2
Ke7 28. Ra6 Nxd5 29. Rxd6 Be6 30. Ra6 Nb4 31. Ra7+ Kf6 32. Nd6 Nc2 33. h4 h5
34. Ne4+ Kg6 35. Ng5 Bb3 36. Ra5 f6 37. Ne4 Be6 38. Rc5 Rc1 39. Kh2 Rxf1 40.
Rxc2 Bf5 41. f3 Rb1 42. Rc3 Bxe4 43. fxe4 Rb4 44. Re3 Kh6 45. Kg2 g5 46. hxg5+
fxg5 47. Ra3 g4 48. Ra6+ Kg5 49. Re6 Rxe4 50. Kf2 h4 51. gxh4+ Kxh4 52. Rh6+
Kg5 53. Rh8 Ra4 54. Rg8+ Kf5 55. Rf8+ Ke4 56. Rg8 Kf5 57. Rf8+ Ke6 58. Rg8 Re4
59. Rg5 Kf7 60. Rh5 Rf4+ 61. Kg3 Re4 62. Kf2 Kf6 63. Rh6+ Kf5 64. Rh8 Rf4+ 65.
Kg3 Ke4 66. Rh5 Rf1 67. Rg5 Kd4 68. Kg2 Rf8 69. Rxg4+ Ke3 70. Ra4 Rd8 71. Kf1
Rd1+ 72. Kg2 e4 73. Ra2 Rb1 74. Ra4 Rc1 75. Ra2 Re1 76. Ra3+ Kxe2 77. Ra2+
1/2-1/2

[Event "4NCL Division 1d"]
[Site "Hinckley Island ENG"]
[Date "2015.05.02"]
[Round "9.153"]
[White "Pert, Richard G"]
[Black "Longson, Alexander"]
[Result "1/2-1/2"]
[WhiteElo "2443"]
[BlackElo "2332"]
[PlyCount "63"]
[EventDate "2015.05.02"]
[WhiteTeam "Wood Green HK"]
[BlackTeam "e2e4.org.uk 1"]

1. d4 d5 2. c4 e6 3. Nc3 Nf6 4. Nf3 Be7 5. Bf4 O-O 6. e3 Nbd7 7. c5 c6 8. h3 b6
9. b4 a5 10. a3 Ba6 11. Bxa6 Rxa6 12. b5 cxb5 13. c6 Qc8 14. c7 b4 15. Nb5 a4
16. Rc1 Ne4 17. Nd2 Nc3 18. Nxc3 bxc3 19. Rxc3 b5 20. Qe2 Rb6 21. O-O Qb7 22.
Rfc1 Rc8 23. Qd3 h6 24. Nf3 b4 25. axb4 Bxb4 26. R3c2 Bf8 27. Ne5 Nxe5 28. Bxe5
a3 29. Qc3 Qa6 30. Qa1 Qa5 31. Bg3 Bd6 32. Bxd6 1/2-1/2

[Event "4NCL Division 1d"]
[Site "Hinckley Island ENG"]
[Date "2015.05.02"]
[Round "9.154"]
[White "Rudd, Jack"]
[Black "Greet, Andrew N"]
[Result "0-1"]
[WhiteElo "2251"]
[BlackElo "2453"]
[PlyCount "34"]
[EventDate "2015.05.02"]
[WhiteTeam "e2e4.org.uk 1"]
[BlackTeam "Wood Green HK"]

1. d4 e6 2. e4 d5 3. Nd2 c5 4. Ngf3 cxd4 5. exd5 Qxd5 6. Bc4 Qd6 7. Qe2 Nf6 8.
Nb3 Nc6 9. Bg5 a6 10. O-O-O b5 11. Bd3 Be7 12. Nbxd4 Nxd4 13. Nxd4 Qd5 14. f4
Qxa2 15. c3 Bd7 16. Nf3 Rc8 17. Ne5 Rxc3+ 0-1

[Event "4NCL Division 1d"]
[Site "Hinckley Island ENG"]
[Date "2015.05.02"]
[Round "9.155"]
[White "Shaw, John"]
[Black "Sowray, Peter J"]
[Result "1-0"]
[WhiteElo "2435"]
[BlackElo "2313"]
[PlyCount "85"]
[EventDate "2015.05.02"]
[WhiteTeam "Wood Green HK"]
[BlackTeam "e2e4.org.uk 1"]

1. e4 e5 2. Nf3 Nc6 3. Nc3 Nf6 4. d4 exd4 5. Nxd4 Bb4 6. Nxc6 bxc6 7. Bd3 d5 8.
exd5 cxd5 9. O-O O-O 10. h3 Be6 11. Nb5 Bc5 12. Bf4 Bb6 13. c3 c5 14. b4 Ne4
15. bxc5 Bxc5 16. Qe1 Qh4 17. Be3 Rfc8 18. Bxc5 Rxc5 19. Qe3 a6 20. Bxe4 Rxb5
21. c4 Ra5 22. Qd2 Ra4 23. Bxd5 Bxd5 24. cxd5 Rd4 25. Qe2 Rxd5 26. Rfd1 Rxd1+
27. Rxd1 Qa4 28. Rd6 h6 29. g3 a5 30. Rd5 Qb4 31. Qf3 Re8 32. a3 Qb1+ 33. Kg2
a4 34. Rd7 Qa2 35. Rd4 Qc2 36. Rf4 Rf8 37. Qd5 Qc1 38. Rxa4 Qb2 39. Ra8 Rxa8
40. Qxa8+ Kh7 41. a4 g5 42. a5 h5 43. a6 1-0

[Event "4NCL Division 1d"]
[Site "Hinckley Island ENG"]
[Date "2015.05.02"]
[Round "9.156"]
[White "Jackson, James P"]
[Black "Houska, Jovanka"]
[Result "1-0"]
[WhiteElo "2311"]
[BlackElo "2379"]
[PlyCount "67"]
[EventDate "2015.05.02"]
[WhiteTeam "e2e4.org.uk 1"]
[BlackTeam "Wood Green HK"]

1. e4 c6 2. d4 d5 3. Nc3 dxe4 4. Nxe4 Bf5 5. Ng3 Bg6 6. h4 h6 7. Nf3 Nd7 8. h5
Bh7 9. Bd3 Bxd3 10. Qxd3 e6 11. Bd2 Ngf6 12. O-O-O Be7 13. Kb1 Qb6 14. c4 Rd8
15. Qc2 O-O 16. Bf4 Rfe8 17. Nf1 c5 18. d5 Ng4 19. Ne3 Nxe3 20. fxe3 exd5 21.
g4 dxc4 22. g5 hxg5 23. Nxg5 Nf8 24. Rdg1 Bxg5 25. Bxg5 Rd5 26. Qc3 Nh7 27. Bf4
Qf6 28. Qxc4 Red8 29. Bc7 R8d7 30. Ba5 b5 31. Qxb5 Qf5+ 32. Ka1 Qxh5 33. Qxd7
Qxh1 34. Qe8+ 1-0

[Event "4NCL Division 1d"]
[Site "Hinckley Island ENG"]
[Date "2015.05.02"]
[Round "9.157"]
[White "Hagesaether, Arne"]
[Black "Mladenov, Iliyan D"]
[Result "1/2-1/2"]
[WhiteElo "2055"]
[BlackElo "2246"]
[PlyCount "73"]
[EventDate "2015.05.02"]
[WhiteTeam "Wood Green HK"]
[BlackTeam "e2e4.org.uk 1"]

1. e4 e5 2. Nf3 Nc6 3. d4 exd4 4. Nxd4 d6 5. Bc4 Bd7 6. O-O g6 7. Nc3 Bg7 8.
Nde2 Nf6 9. Bg5 h6 10. Bh4 O-O 11. Nd5 g5 12. Nxf6+ Qxf6 13. Bg3 Na5 14. Bd5
Rfe8 15. f4 g4 16. e5 Qe7 17. Qd2 c6 18. Bxf7+ Qxf7 19. Qxa5 Bf5 20. Rae1 Bxc2
21. Qd2 Bf5 22. Qxd6 Bf8 23. Qd2 Rad8 24. Qc1 Bb4 25. Bh4 Rd2 26. Ng3 Bd3 27.
Ne4 Rc2 28. Nf6+ Kf8 29. Qd1 Bxe1 30. Rxe1 Bf5 31. Nxe8 Qxe8 32. Qd6+ Kg8 33.
Rd1 Qe6 34. Qc7 Qf7 35. Qd8+ Kh7 36. Qd4 Qd5 37. Qxd5 1/2-1/2

[Event "4NCL Division 1d"]
[Site "Hinckley Island ENG"]
[Date "2015.05.02"]
[Round "9.158"]
[White "Norinkeviciute, Rasa"]
[Black "Hegarty, Sarah N"]
[Result "0-1"]
[WhiteElo "2024"]
[BlackElo "2080"]
[PlyCount "70"]
[EventDate "2015.05.02"]
[WhiteTeam "e2e4.org.uk 1"]
[BlackTeam "Wood Green HK"]

1. c4 g6 2. g3 Bg7 3. Bg2 e5 4. Nc3 d6 5. e4 c6 6. Nge2 Ne7 7. O-O O-O 8. d4
Nd7 9. Be3 Nf6 10. h3 exd4 11. Bxd4 Be6 12. Qd3 Qa5 13. Qf3 Nd7 14. Bxg7 Kxg7
15. b3 Qc5 16. Qd3 Ne5 17. Qd2 b5 18. cxb5 cxb5 19. Rac1 Qb6 20. Kh2 Rac8 21.
f4 N5c6 22. Nd5 Bxd5 23. exd5 Nb8 24. f5 f6 25. Nd4 Rxc1 26. Rxc1 Kh8 27. Ne6
Rg8 28. Qb2 Nd7 29. Rc7 Ne5 30. Rxe7 gxf5 31. Qc2 Qe3 32. g4 Ng6 33. Qxf5 Qc3
34. Nf4 Nxe7 35. Ne6 Nxf5 0-1

[Event "4NCL Division 1d"]
[Site "Hinckley Island ENG"]
[Date "2015.05.02"]
[Round "9.161"]
[White "Cobb, James"]
[Black "Fodor, Tamas Jr"]
[Result "1/2-1/2"]
[WhiteElo "2434"]
[BlackElo "2492"]
[PlyCount "55"]
[EventDate "2015.05.02"]
[WhiteTeam "South Wales Dragons"]
[BlackTeam "Hackney 1"]

1. d4 d5 2. c4 c6 3. Nf3 Nf6 4. Nc3 e6 5. cxd5 exd5 6. Bg5 Be7 7. Qc2 O-O 8. e3
h6 9. Bh4 Ne4 10. Bxe7 Qxe7 11. Nxe4 dxe4 12. Nd2 f5 13. Be2 Be6 14. O-O Nd7
15. b4 Nf6 16. a3 Bd5 17. Nc4 Bxc4 18. Qxc4+ Kh8 19. b5 Rac8 20. Rac1 Nd5 21.
bxc6 bxc6 22. Qc5 Qg5 23. Bc4 f4 24. exf4 Qxf4 25. Bxd5 cxd5 26. Qxc8 Rxc8 27.
Rxc8+ Kh7 28. Rd1 1/2-1/2

[Event "4NCL Division 1d"]
[Site "Hinckley Island ENG"]
[Date "2015.05.02"]
[Round "9.162"]
[White "Suarez Garcia, Carlos"]
[Black "Cooper, John G"]
[Result "1-0"]
[WhiteElo "2385"]
[BlackElo "2326"]
[PlyCount "57"]
[EventDate "2015.05.02"]
[WhiteTeam "Hackney 1"]
[BlackTeam "South Wales Dragons"]

1. e4 e6 2. d4 d5 3. Nd2 c5 4. exd5 exd5 5. Ngf3 Nc6 6. Bb5 Bd6 7. dxc5 Bxc5 8.
Nb3 Bd6 9. O-O Nge7 10. Re1 O-O 11. Bg5 Bg4 12. Bh4 Re8 13. c3 Qb6 14. Be2 Nf5
15. Bg5 h6 16. Qxd5 Rxe2 17. Rxe2 hxg5 18. Nxg5 Nh6 19. Re4 Ne7 20. Qa5 Bf5 21.
Rd4 Bc7 22. Qxb6 Bxb6 23. Rd2 Nc6 24. Nf3 Be4 25. Nfd4 Nxd4 26. Nxd4 Nf5 27.
Re1 Nd6 28. Nb3 Rd8 29. c4 1-0

[Event "4NCL Division 1d"]
[Site "Hinckley Island ENG"]
[Date "2015.05.02"]
[Round "9.163"]
[White "Cummings, David H"]
[Black "Lyell, Mark"]
[Result "1-0"]
[WhiteElo "2340"]
[BlackElo "2312"]
[PlyCount "41"]
[EventDate "2015.05.02"]
[WhiteTeam "South Wales Dragons"]
[BlackTeam "Hackney 1"]

1. d4 f5 2. Nc3 Nf6 3. Bg5 d5 4. f3 c5 5. e4 cxd4 6. Qxd4 Nc6 7. Bb5 Kf7 8. Qa4
d4 9. O-O-O e5 10. Bc4+ Kg6 11. exf5+ Bxf5 12. g4 Bd7 13. Qb3 Qe8 14. h4 Na5
15. Bf7+ Qxf7 16. h5+ Kxg5 17. Nh3+ Kh4 18. Nf2+ Kg3 19. Ne2+ Kg2 20. Rdg1+
Kxf2 21. Rh2# 1-0

[Event "4NCL Division 1d"]
[Site "Hinckley Island ENG"]
[Date "2015.05.02"]
[Round "9.164"]
[White "Eames, Robert S"]
[Black "Chow, Sam"]
[Result "0-1"]
[WhiteElo "2312"]
[BlackElo "2287"]
[PlyCount "96"]
[EventDate "2015.05.02"]
[WhiteTeam "Hackney 1"]
[BlackTeam "South Wales Dragons"]

1. e4 e6 2. d4 d5 3. Nc3 Nf6 4. e5 Nfd7 5. f4 c5 6. Nf3 Nc6 7. Be3 cxd4 8. Nxd4
Bc5 9. Qd2 O-O 10. O-O-O a6 11. Nb3 Bxe3 12. Qxe3 f6 13. exf6 Nxf6 14. g3 Re8
15. Bg2 Na5 16. Nxa5 Qxa5 17. Rhe1 Bd7 18. Qd4 Rac8 19. Re5 b5 20. Rg5 h6 21.
Rg6 Rf8 22. g4 Be8 23. Rxg7+ Kxg7 24. g5 Rc4 25. gxf6+ Rxf6 26. Qg1 Bg6 27. f5
Rxf5 28. Bf1 Rcf4 29. Bd3 Rg5 30. Qa7+ Rf7 31. Qd4+ Kh7 32. h4 Rg3 33. Ne2 Rxd3
34. cxd3 Qxa2 35. Nf4 Bf5 36. Nh5 Qa1+ 37. Kd2 Qa5+ 38. Ke3 Qd8 39. Rg1 Bg6 40.
Ng3 e5 41. Qc5 Qxh4 42. Kd2 Qf4+ 43. Kc3 Qf3 44. Kb4 Qxd3 45. Ka5 Qb3 46. Ne2
Qa4+ 47. Kb6 Rf6+ 48. Kb7 Qc4 0-1

[Event "4NCL Division 1d"]
[Site "Hinckley Island ENG"]
[Date "2015.05.02"]
[Round "9.165"]
[White "Redmond, John P"]
[Black "Reid, John"]
[Result "1-0"]
[WhiteElo "2212"]
[BlackElo "2327"]
[PlyCount "89"]
[EventDate "2015.05.02"]
[WhiteTeam "South Wales Dragons"]
[BlackTeam "Hackney 1"]

1. d4 Nf6 2. c4 g6 3. Nc3 Bg7 4. e4 O-O 5. Be2 d6 6. Nf3 e5 7. O-O Nc6 8. dxe5
dxe5 9. Bg5 Qxd1 10. Rfxd1 Bg4 11. Kf1 Bxf3 12. Bxf3 Nd4 13. Nd5 Nxd5 14. cxd5
f5 15. Rac1 Rf7 16. Be3 fxe4 17. Bxe4 Nf5 18. Bc5 Nd6 19. Bxd6 cxd6 20. Rc2
Raf8 21. f3 Bf6 22. Ke2 Kg7 23. Rd3 h5 24. Ra3 a6 25. Rb3 Bd8 26. Rc8 Rd7 27.
Rb8 Rff7 28. Rc3 Kf6 29. Rcc8 Rf8 30. a4 Rg8 31. a5 Ke7 32. Bc2 Rf8 33. Bxg6 h4
34. g4 Rc7 35. Rxc7+ Bxc7 36. Rxb7 Kd8 37. Ra7 Rf4 38. Be4 Bxa5 39. Rxa6 Bc7
40. Ra8+ Ke7 41. Rh8 Ba5 42. Rxh4 Rf8 43. Rh7+ Kf6 44. h4 Rb8 45. g5# 1-0

[Event "4NCL Division 1d"]
[Site "Hinckley Island ENG"]
[Date "2015.05.02"]
[Round "9.166"]
[White "Cenal Gutierrez, Ruben"]
[Black "Zeidler, Sven P"]
[Result "1-0"]
[WhiteElo "2290"]
[BlackElo "2229"]
[PlyCount "59"]
[EventDate "2015.05.02"]
[WhiteTeam "Hackney 1"]
[BlackTeam "South Wales Dragons"]

1. d4 f5 2. e4 fxe4 3. Nc3 Nf6 4. Bg5 c6 5. f3 Qa5 6. Qd2 e5 7. dxe5 Qxe5 8.
Bxf6 Qxf6 9. fxe4 Bb4 10. Nf3 d5 11. exd5 Bg4 12. Be2 O-O 13. O-O Qd6 14. Rad1
Qc5+ 15. Kh1 Bxc3 16. bxc3 Qxd5 17. Qe3 Qh5 18. Bc4+ Kh8 19. Ne5 Nd7 20. Nxg4
Qxg4 21. Be6 Qa4 22. Bxd7 Qxc2 23. Be6 Rf6 24. Bb3 Qg6 25. Qxa7 Raf8 26. Rxf6
Qxf6 27. Qd4 Qe7 28. h3 c5 29. Qd6 Rf1+ 30. Kh2 1-0

[Event "4NCL Division 1d"]
[Site "Hinckley Island ENG"]
[Date "2015.05.02"]
[Round "9.167"]
[White "Jameson, David"]
[Black "Holes, Michal"]
[Result "1-0"]
[WhiteElo "2048"]
[BlackElo "2207"]
[PlyCount "111"]
[EventDate "2015.05.02"]
[WhiteTeam "South Wales Dragons"]
[BlackTeam "Hackney 1"]

1. d4 Nf6 2. c4 g6 3. Nc3 Bg7 4. e4 O-O 5. Nf3 d6 6. Be2 Na6 7. O-O c5 8. d5
Nc7 9. h3 Re8 10. Bf4 e5 11. dxe6 Nxe6 12. Bxd6 Nxe4 13. Nxe4 Nd4 14. Bxc5
Nxe2+ 15. Qxe2 Bf5 16. Nfd2 Bxe4 17. Nxe4 f5 18. Rad1 Qc7 19. Qd3 Rxe4 20. Qd5+
Kh8 21. b3 Re5 22. Bd6 Rxd5 23. Bxc7 Rxd1 24. Rxd1 Bf6 25. Kf1 Re8 26. Rd6 Kg7
27. Rd7+ Re7 28. Rxe7+ Bxe7 29. Ke2 Kf7 30. Be5 Ke6 31. f4 a6 32. Kd3 Bc5 33.
Kc3 Bf2 34. Bd4 Bg3 35. Be3 Be1+ 36. Kd4 Bb4 37. c5 Ba3 38. Kc4 Bb2 39. b4 Bf6
40. a4 Bh4 41. b5 Kd7 42. bxa6 bxa6 43. Kd5 Bg3 44. Bd2 Kc7 45. c6 Kc8 46. Ke6
Kc7 47. Kf6 Kxc6 48. Kg7 h5 49. Kxg6 h4 50. Kxf5 Kd5 51. Be3 Kc4 52. a5 Kd3 53.
Bb6 Ke2 54. Ke4 Kf1 55. Kf3 Bf2 56. f5 1-0

[Event "4NCL Division 1d"]
[Site "Hinckley Island ENG"]
[Date "2015.05.02"]
[Round "9.168"]
[White "Roberts, Lynda"]
[Black "Lochte, Szilvia"]
[Result "0-1"]
[WhiteElo "1870"]
[BlackElo "1961"]
[PlyCount "98"]
[EventDate "2015.05.02"]
[WhiteTeam "Hackney 1"]
[BlackTeam "South Wales Dragons"]

1. e4 c5 2. Nc3 Nc6 3. g3 g6 4. Bg2 Bg7 5. d3 Nf6 6. Be3 d6 7. h3 Rb8 8. Qd2
O-O 9. Bh6 Nd4 10. Bxg7 Kxg7 11. Nd1 e6 12. c3 Nc6 13. f4 e5 14. Ne3 Nh5 15.
Qf2 exf4 16. gxf4 Be6 17. Ne2 Qb6 18. b3 Qa6 19. O-O f5 20. d4 cxd4 21. cxd4
Nb4 22. Rfd1 fxe4 23. Bxe4 d5 24. a3 dxe4 25. axb4 Qb6 26. d5 Bxh3 27. Rxa7
Qxb4 28. Kh2 Bd7 29. Nc4 Qxb3 30. Qd4+ Kg8 31. Ra3 Qc2 32. Rd2 Qb1 33. Rd1 Qb4
34. d6 b5 35. Qd5+ Kh8 36. Qe5+ Ng7 37. Ra7 Qxc4 38. Rxd7 Qxe2+ 39. Kg3 Qf3+
40. Kh2 Qh5+ 41. Qxh5 Nxh5 42. Rc7 Nxf4 43. d7 b4 44. Rdc1 Rbd8 45. R1c6 Kg7
46. Rc5 e3 47. Rb5 Rf7 48. Rxb4 Nd5 49. Rc8 Rfxd7 0-1

[Event "4NCL Division 1d"]
[Site "Hinckley Island ENG"]
[Date "2015.05.02"]
[Round "9.171"]
[White "Merry, Alan"]
[Black "Wallace, John-Paul"]
[Result "0-1"]
[WhiteElo "2395"]
[BlackElo "2388"]
[PlyCount "122"]
[EventDate "2015.05.02"]
[WhiteTeam "The AD's"]
[BlackTeam "Cambridge University 1"]

1. d4 Nf6 2. c4 e6 3. Nc3 c5 4. d5 exd5 5. cxd5 d6 6. e4 g6 7. Nge2 h5 8. Bg5
Nbd7 9. f3 a6 10. a4 Rb8 11. Nc1 Bg7 12. Be2 O-O 13. O-O Qb6 14. Qd2 Nh7 15.
Be3 f5 16. exf5 gxf5 17. Nd3 Re8 18. Kh1 Ndf8 19. Rac1 Bd7 20. Bf2 Qd8 21. f4
Nf6 22. Bh4 Re7 23. Rf3 N8h7 24. Rg3 Qe8 25. a5 Kh8 26. Nf2 b5 27. axb6 Rxb6
28. Bd3 Qb8 29. Ncd1 Re8 30. h3 Qb7 31. Bc4 Ba4 32. b3 Bxb3 33. Ne3 Bxc4 34.
Nxf5 Qxd5 35. Qxd5 Bxd5 36. Nxg7 Re2 37. Kg1 Rxf2 38. Re1 Rbb2 39. Nf5 Rxg2+
40. Rxg2 Rxg2+ 41. Kf1 Rh2 42. Re7 Rxh3 43. Be1 Rf3+ 44. Ke2 Rxf4 45. Nxd6 Kg8
46. Bd2 Bc4+ 47. Kd1 Rd4 48. Nf5 Bb3+ 49. Kc1 Rc4+ 50. Kb2 Rc2+ 51. Kxb3 Rxd2
52. Ra7 Rf2 53. Nh6+ Kf8 54. Kc4 h4 55. Kxc5 h3 56. Kd6 h2 57. Rf7+ Ke8 58.
Re7+ Kd8 59. Nf7+ Kc8 60. Ne5 Rd2+ 61. Kc5 h1=Q 0-1

[Event "4NCL Division 1d"]
[Site "Hinckley Island ENG"]
[Date "2015.05.02"]
[Round "9.172"]
[White "Bisby, Daniel L"]
[Black "Richardson, John R"]
[Result "1/2-1/2"]
[WhiteElo "2355"]
[BlackElo "2342"]
[PlyCount "108"]
[EventDate "2015.05.02"]
[WhiteTeam "Cambridge University 1"]
[BlackTeam "The AD's"]

1. e4 c6 2. d4 d5 3. Nc3 dxe4 4. Nxe4 Bf5 5. Ng3 Bg6 6. N1e2 e6 7. h4 h6 8. Nf4
Bh7 9. Bd3 Bxd3 10. Qxd3 Nf6 11. Bd2 Qc7 12. O-O-O Nbd7 13. Kb1 O-O-O 14. Ngh5
Nxh5 15. Nxh5 g6 16. Ng3 Bg7 17. Qf3 f5 18. Rhe1 Bxd4 19. Rxe6 Qb6 20. Bc1 Ne5
21. Qe2 Bxb2 22. Rxd8+ Rxd8 23. Qe3 Bd4+ 24. Qb3 Qxb3+ 25. axb3 Kd7 26. Rf6 Ke7
27. Bxh6 Bxf2 28. Bg5 Rd1+ 29. Ka2 Kd7 30. Rf8 Rg1 31. Ne2 Rxg2 32. Nf4 Rg4 33.
Rd8+ Kc7 34. Rd2 Bxh4 35. Ne6+ Kb6 36. Be3+ Ka5 37. Bxa7 b6 38. Bb8 Bf6 39. Nd4
Ka6 40. Bxe5 Bxe5 41. Nxc6 Bh8 42. Rd8 Rh4 43. c4 Kb7 44. Ne7 Kc7 45. Rf8 Bd4
46. b4 Rg4 47. Kb3 Kd6 48. Nd5 Bg1 49. Rd8+ Ke5 50. Re8+ Kd6 51. Rd8+ Ke6 52.
Re8+ Kd6 53. Rd8+ Ke5 54. Re8+ Kd6 1/2-1/2

[Event "4NCL Division 1d"]
[Site "Hinckley Island ENG"]
[Date "2015.05.02"]
[Round "9.173"]
[White "Wheeler, Darren P"]
[Black "Eckersley-Waites, Adam"]
[Result "0-1"]
[WhiteElo "2245"]
[BlackElo "2261"]
[PlyCount "152"]
[EventDate "2015.05.02"]
[WhiteTeam "The AD's"]
[BlackTeam "Cambridge University 1"]

1. e4 c5 2. f4 d5 3. Nc3 d4 4. Nce2 Nc6 5. d3 g6 6. g3 Nf6 7. Bg2 Bg7 8. Nf3
O-O 9. O-O Ng4 10. h3 Ne3 11. Bxe3 dxe3 12. c3 Rb8 13. Ne1 Qb6 14. Qc1 e5 15.
b3 Qa5 16. Rf3 b5 17. a3 Qb6 18. b4 a5 19. bxa5 Qxa5 20. Rxe3 c4 21. Rb1 Be6
22. fxe5 cxd3 23. Nxd3 Nxe5 24. Nxe5 Bxe5 25. Nd4 Qc7 26. Kh2 h5 27. h4 Bc4 28.
Rf3 Qd8 29. Qg5 Bxd4 30. cxd4 Qxd4 31. Rf6 Rbe8 32. Re1 Qe5 33. Rf5 Qc3 34. Re3
Qc1 35. g4 Be6 36. Rf6 Qc7+ 37. e5 Bxg4 38. Bd5 Kg7 39. Kg3 Qc1 40. Qf4 Qg1+
41. Bg2 Rc8 42. Qf2 Qd1 43. Rd6 Qc1 44. Qd2 Qxd2 45. Rxd2 Rc5 46. Rd5 Rfc8 47.
Rxc5 Rxc5 48. Bf1 Be6 49. Kf4 Rc1 50. Bxb5 Rh1 51. Kg3 Rh3+ 52. Kf2 Rxh4 53. a4
Rh2+ 54. Kg3 Ra2 55. Bc6 g5 56. Rd3 Kg6 57. Be4+ Kh6 58. Bc6 h4+ 59. Kf3 Kh5
60. Rd8 Ra3+ 61. Kf2 Kg4 62. Rd4+ Kf5 63. Re4 g4 64. Re1 Ra2+ 65. Kg1 g3 66.
Be4+ Kg5 67. Bc6 Bb3 68. Rf1 Bxa4 69. Bd5 Rd2 70. Bg2 Bb3 71. Be4 Bd5 72. Bxd5
Rxd5 73. Rxf7 Rxe5 74. Rf8 Kg4 75. Kg2 h3+ 76. Kf1 Rf5+ 0-1

[Event "4NCL Division 1d"]
[Site "Hinckley Island ENG"]
[Date "2015.05.02"]
[Round "9.174"]
[White "Chevannes, Sabrina L"]
[Black "Snape, Ian L"]
[Result "1-0"]
[WhiteElo "2192"]
[BlackElo "2192"]
[PlyCount "127"]
[EventDate "2015.05.02"]
[WhiteTeam "Cambridge University 1"]
[BlackTeam "The AD's"]

1. d4 Nf6 2. Nf3 c5 3. d5 g6 4. Nc3 d6 5. e4 Bg7 6. Be2 Na6 7. h3 Nc7 8. a4 e6
9. dxe6 Bxe6 10. Bf4 d5 11. Nb5 Nxb5 12. Bxb5+ Kf8 13. e5 Nd7 14. O-O a6 15.
Bd3 h6 16. Re1 Kg8 17. c3 Kh7 18. h4 Re8 19. h5 Nf8 20. Qd2 Bg4 21. Nh2 Qd7 22.
hxg6+ fxg6 23. Nxg4 Qxg4 24. Be2 Qd7 25. Bf3 Rad8 26. Red1 Qf7 27. Bg3 d4 28.
cxd4 cxd4 29. Qb4 Bxe5 30. Bxe5 Rxe5 31. Rxd4 Rxd4 32. Qxd4 Re7 33. Rc1 Ne6 34.
Qd5 Qf4 35. Re1 Qf7 36. Qd6 Kg7 37. Bd5 Rd7 38. Qe5+ Qf6 39. Qxe6 Qxe6 40. Bxe6
Rd4 41. b3 b5 42. a5 Rd6 43. Bc8 Kf6 44. g3 Rc6 45. Bb7 Rd6 46. Re8 Kg5 47. Ra8
Rd3 48. Bxa6 Rxb3 49. Rb8 b4 50. Bc4 Ra3 51. a6 Ra4 52. Rb6 h5 53. Bf7 h4 54.
Rxg6+ Kf5 55. gxh4 b3 56. Rb6 b2 57. Bg6+ Kg4 58. h5 b1=Q+ 59. Bxb1 Kxh5 60.
Bd3 Kh4 61. Rb7 Kh3 62. Bf1+ Kh4 63. a7 Ra1 64. Kh2 1-0

[Event "4NCL Division 1d"]
[Site "Hinckley Island ENG"]
[Date "2015.05.02"]
[Round "9.175"]
[White "Swindells, Jonathan E"]
[Black "Churm, Rohan M"]
[Result "1-0"]
[WhiteElo "2155"]
[BlackElo "2162"]
[PlyCount "49"]
[EventDate "2015.05.02"]
[WhiteTeam "The AD's"]
[BlackTeam "Cambridge University 1"]

1. e4 e6 2. Qe2 c5 3. f4 Be7 4. g3 d5 5. d3 Nf6 6. Bg2 Nc6 7. Nf3 b6 8. Nc3 d4
9. Nd1 Ba6 10. O-O Qc7 11. Nf2 O-O 12. g4 Rfd8 13. g5 Nd7 14. Ng4 b5 15. Ne1 e5
16. f5 f6 17. g6 hxg6 18. fxg6 Nf8 19. Nh6+ gxh6 20. Qh5 Ne6 21. Bxh6 Nf4 22.
Rxf4 exf4 23. Bg7 Kxg7 24. Qh7+ Kf8 25. Qf7# 1-0

[Event "4NCL Division 1d"]
[Site "Hinckley Island ENG"]
[Date "2015.05.02"]
[Round "9.176"]
[White "McClement, Andrew"]
[Black "Anderton, David W"]
[Result "1-0"]
[WhiteElo "2179"]
[BlackElo "2177"]
[PlyCount "93"]
[EventDate "2015.05.02"]
[WhiteTeam "Cambridge University 1"]
[BlackTeam "The AD's"]

1. Nf3 f5 2. c4 Nf6 3. g3 g6 4. Bg2 Bg7 5. Nc3 d6 6. O-O O-O 7. d3 Nc6 8. Rb1
a5 9. a3 Nh5 10. Bd2 f4 11. b4 axb4 12. axb4 Bg4 13. Nd5 fxg3 14. hxg3 Qd7 15.
b5 Nd4 16. Bg5 Rf7 17. Nxd4 Bxd4 18. Ne3 Bh3 19. Qd2 Raf8 20. Bh6 Nxg3 21. fxg3
Rxf1+ 22. Rxf1 Rxf1+ 23. Kxf1 Bxg2+ 24. Kxg2 Qe6 25. Nd5 c6 26. bxc6 bxc6 27.
Nb4 Qf6 28. Qf4 Qxf4 29. Bxf4 c5 30. Nd5 Kf7 31. Kf3 Bg7 32. Bd2 e6 33. Nc7 Ke7
34. Bf4 Bf8 35. Nb5 Kd7 36. Kg4 h6 37. Nc3 Kc6 38. Ne4 d5 39. Nf6 Be7 40. Be5
dxc4 41. dxc4 Kb6 42. Ng8 h5+ 43. Kf4 g5+ 44. Ke4 Bf8 45. Nf6 Ka5 46. Nxh5 Kb4
47. Kd3 1-0

[Event "4NCL Division 1d"]
[Site "Hinckley Island ENG"]
[Date "2015.05.02"]
[Round "9.177"]
[White "Bellin, Jana M"]
[Black "Spencer, Carl J"]
[Result "1/2-1/2"]
[WhiteElo "2065"]
[BlackElo "2169"]
[PlyCount "36"]
[EventDate "2015.05.02"]
[WhiteTeam "The AD's"]
[BlackTeam "Cambridge University 1"]

1. d4 e6 2. Nf3 Nf6 3. Bf4 c5 4. e3 Nc6 5. c3 Be7 6. Bd3 Nh5 7. Bg3 Nxg3 8.
hxg3 h6 9. Nbd2 d5 10. Qe2 Qb6 11. Rb1 Bd7 12. dxc5 Bxc5 13. Nb3 Bd6 14. Nbd4
O-O-O 15. Nxc6 Bxc6 16. Nd4 Bd7 17. Bb5 Bxb5 18. Qxb5 Qxb5 1/2-1/2

[Event "4NCL Division 1d"]
[Site "Hinckley Island ENG"]
[Date "2015.05.02"]
[Round "9.178"]
[White "Karayiannis, Costas"]
[Black "Walker, Nicholas A"]
[Result "1-0"]
[WhiteElo "2161"]
[BlackElo "1881"]
[PlyCount "85"]
[EventDate "2015.05.02"]
[WhiteTeam "Cambridge University 1"]
[BlackTeam "The AD's"]

1. d4 d5 2. c4 Bf5 3. Nc3 e6 4. Nf3 Nf6 5. Bg5 Nc6 6. e3 Bb4 7. Rc1 h6 8. Bh4
g5 9. Bg3 Ne4 10. Ne5 Nxc3 11. bxc3 Ba3 12. Rc2 Bxc2 13. Qxc2 Bd6 14. cxd5 Bxe5
15. dxc6 Bxg3 16. cxb7 Rb8 17. Bb5+ Kf8 18. fxg3 Rxb7 19. Bc4 Qd6 20. O-O Kg7
21. Qf2 f5 22. Bb3 Rf8 23. Qf3 c6 24. h4 gxh4 25. gxh4 Kh7 26. e4 f4 27. e5 Qd7
28. Qe4+ Kh8 29. Rxf4 Rxf4 30. Qxf4 Qg7 31. Bxe6 Rb1+ 32. Kh2 Rb2 33. Qe4 Qe7
34. Bb3 Qf8 35. e6 Qd6+ 36. Kh3 Qe7 37. c4 Rf2 38. d5 Rf1 39. g3 cxd5 40. cxd5
Rf8 41. Qd4+ Kg8 42. d6 Qb7 43. e7+ 1-0